| 000 | 01096nam0a2200313 4500 | ||
|---|---|---|---|
| 001 | RU\NLR\bibl\59877 | ||
| 005 | 20250616091128.0 | ||
| 010 |
_a5-85582-067-X _93200 |
||
| 021 |
_aRU _b99-37907 _91869 |
||
| 035 | _a(NLR Aleph) 000058402 | ||
| 090 |
_a316845 _c316845 |
||
| 100 | _a19991122d1999 |||y0rusy50 ca | ||
| 101 | 1 |
_arus _ceng |
|
| 102 | _aRU | ||
| 105 | _aa ||||||||| | ||
| 200 | 1 |
_aOracle 8 _eНастольная кн. администратора _fКевин Луни _g[Пер. И. Дранишников] |
|
| 210 |
_aМ. _cЛОРИ _d1999 |
||
| 215 |
_aX, 500 c. _cил. _d27 |
||
| 300 | _aЗагл. и авт. ориг.: Oracle8: DBA handbook / Kevin Loney | ||
| 454 | 0 |
_12001#$aOracle8$eDBA handbook$fKevin Loney _tOracle8 |
|
| 606 | 0 |
_aORACLE 8.0, система управления базами данных _92081621 _3RU\NLR\auth\661257609 |
|
| 686 | _aЗ973.233-018.2 | ||
| 700 | 1 |
_aЛуни _bК. _gКевин _4070 |
|
| 801 | 0 |
_aRU _bNLR _c19991122 _gPSBO |
|
| 801 | 1 |
_aRU _bNLR _c19991122 |
|
| 852 |
_aNLR _j99-8/1885 |
||
| 942 | _cBOOK | ||
| 980 | _aNB | ||